000 00289nam a22001337a 4500
008 170315b xxu||||| |||| 00| 0 eng d
020 _a9781554079186
041 _aeng
080 _a611
100 _a7
101 _aSHM
245 _aTHE HUMAN BODY CLOSE-UP
_cCLANCY, J
942 _2udc
_cBK
999 _c7926
_d7926